00722nam a22002057a 450000100060000000300080000600500170001400800410003103500190007204000260009104100080011708200270012510000240015224500910017626000700026730000460033750000750038365000220045865000360048077197BD-RjUL20211209082937.0200302r19841980enk||||| |||| 00| 0 eng d a(BD-RjUL)77421 aBD-RjULbengcBD-RjUL aeng 223a658.8342bTAE 1984 aTabibian, Mohammad. aAn empirical investigation in the theory of consumer behavior /cby Mohammad Tabibian. aAnn Arbor, Mich. : bUniversity Microfilms International, c1984. aix, 115 pages :billustrations ; c21 cm. aReproduction of thesis (Ph. D.) - Duke University, Durham, N.C., 1980. aConsumer behavior aConsumers xMathematical models